000 01857cam a22003977a 4500
003 CHAP
005 20220329135736.0
008 971013m1994 mx rs o00110 spa d
010 _a41365
011 _a42337
020 _a9701318633
035 _a46466
040 _cCHAP
082 0 4 _a312.0972
_bI53 Oax.
110 2 _aInstituto Nacional de Estadística, Geografía e Informática. México
_959304
245 1 0 _aEstadísticas vitales del estado de Oaxaca
_c/por Instituto Nacional de Estadística, Geografía e Informática
260 _aAguascalientes, Ags. :
_bInstituto Nacional de Estadística, Geografía e Informática,
_c1994-
300 _av. :
_bgráfs. ; cuadros
500 _aLa biblioteca tiene: 1991-92, 1993-94, 1996, 1997, 1998, 1999
590 _aBATCH-UPD
_b10
_c20130110
_lUCH01
_h1242
590 _aBATCH-UPD
_b10
_c20130410
_lUCH01
_h0807
590 _aBATCH-UPD
_b10
_c20130914
_lUCH01
_h1846
590 _aCONVERSION
_b10
_c20130109
_lUCH01
_h1323
650 1 4 _aOaxaca
_xEstadísticas.
_982481
650 1 4 _aPoblación
_xEstadísticas
_zOaxaca.
_989392
901 _aBK
942 _cLIBRO
949 _a312.0972 I53 Oax.
_bBC
_cINEGI
_d33724000606224
_eINEGI
_f1991-92
_h88699
_i46466
_mD
_si
949 _a312.0972 I53 Oax.
_bBC
_cINEGI
_d33724000627063
_eINEGI
_f1993-94
_h91671
_i46466
_sb
949 _a312.0972 I53 Oax.
_bBC
_cINEGI
_d33724000702429
_eINEGI
_f1996 c.2
_h93981
_i46466
_sb
949 _a312.0972 I53 Oax.
_bBC
_cINEGI
_d33724000702437
_eINEGI
_f1996
_h93980
_i46466
_sb
949 _a312.0972 I53 Oax.
_bBC
_cINEGI
_d33724000737045
_eINEGI
_f1997
_h95499
_i46466
_sb
949 _a312.0972 I53 Oax.
_bBC
_cINEGI
_d33724000800892
_eINEGI
_f1998
_h97968
_i46466
_sb
949 _a312.0972 I53 Oax.
_bBC
_cINEGI
_d33724000843553
_eINEGI
_f1996 c.3
_h100919
_i46466
_sb
949 _a312.0972 I53 Oax.
_bBC
_cINEGI
_d33724000852034
_eINEGI
_f1999
_h101370
_i46466
_sb
999 _c41365
_d41365